000 01316cam a2200337 a 4500
999 _c26249
_d26249
001 1478494
005 20170203125836.0
008 870923s1988 ctua b 001 0beng
010 _a 87026114
020 _a0300041837
040 _aDLC
_cDLC
_dDLC
043 _ae-uk---
050 0 0 _aN1090
_b.O94 1988
100 1 _aOwen, Felicity.
245 1 0 _aCollector of genius :
_ba life of Sir George Beaumont /
_cFelicity Owen & David Blayney Brown.
260 _aNew Haven :
_bPublished for the Paul Mellon Centre for Studies in British Art by Yale University Press,
_c1988.
300 _aviii, 248 p. :
_bill. ;
_c27 cm.
500 _aIncludes index.
504 _aBibliography: p. 235-236.
600 1 0 _aBeaumont, George Howland,
_cSir,
_d1753-1827.
610 2 0 _aNational Gallery (Great Britain)
650 0 _aArt patrons
_zGreat Britain
_xBiography.
650 0 _aNobility
_zGreat Britain
_xBiography.
700 1 _aBrown, David Blayney.
710 2 _aPaul Mellon Centre for Studies in British Art.
942 _2lcc
_cBOOKS
_hN1090 .O94 1988